Procesne orientovaný projekt reštrukturalizácie podniku

Reštrukturalizácia podniku sa spravidla chápe ako riešenie krízovej situácie podniku. Zostavenie projektu reštrukturalizácie, prípravná fáza reštrukturalizačného procesu a ciele projektu reštrukturalizácie.

Na minha lista:
Detalhes bibliográficos
Autor principal: Sujová, Andrea
Formato: Capítulo de Livro
Idioma:eslovaco
Assuntos:
Tags: Adicionar Tag
Sem tags, seja o primeiro a adicionar uma tag!

MARC

LEADER 00000nla$a2200000$$$4500
001 0142164
005 20221103134033.3
041 0 |a slo 
044 |a SK 
245 1 0 |a Procesne orientovaný projekt reštrukturalizácie podniku  |c Andrea Sujová 
520 |a Reštrukturalizácia podniku sa spravidla chápe ako riešenie krízovej situácie podniku. Zostavenie projektu reštrukturalizácie, prípravná fáza reštrukturalizačného procesu a ciele projektu reštrukturalizácie. 
610 2 0 |a reštrukturalizácia 
610 2 0 |a reformy štruktúrne 
610 2 0 |a riadenie procesné 
610 2 0 |a manažment krízový 
610 2 0 |a podnik 
610 2 0 |a procesy podnikové 
610 2 0 |a riadenie podnikové 
610 2 0 |a riadenie zmien 
610 2 0 |a ciele podnikové 
100 1 |a Sujová, Andrea